Guess the Country from its International Code #1 - Statistiques

Statistiques générales
  • Ce quiz a été pris 53 fois
  • Le résultat moyen est 16 sur 30
Statistiques - réponses
Emoji Réponse % Correct
🇫🇷 France
100%
🇯🇵 Japan
100%
🇨🇦 Canada
96%
🇺🇸 United States
96%
🇦🇺 Australia
92%
🇮🇳 India
92%
🇮🇹 Italy
92%
🇧🇷 Brazil
86%
🇩🇪 Germany
84%
🇸🇪 Sweden
80%
🇪🇸 Spain
68%
🇿🇦 South Africa
58%
🇰🇿 Kazakhstan
56%
🇱🇧 Lebanon
44%
🇲🇬 Madagascar
34%
🇹🇬 Togo
32%
🇦🇲 Armenia
30%
🇱🇸 Lesotho
30%
🇧🇹 Bhutan
28%
🇲🇷 Mauritania
28%
🇹🇻 Tuvalu
28%
🇪🇷 Eritrea
26%
🇬🇾 Guyana
26%
🇲🇪 Montenegro
26%
🇰🇲 Comoros
24%
🇧🇮 Burundi
22%
🇲🇰 North Macedonia
22%
🇹🇯 Tajikistan
22%
🇱🇨 Saint Lucia
20%
🇻🇨 Saint Vincent and the Grenadines
12%
Aucun quiz correspondant
Distribution des résultats
% des personnes avec chaque résultat
Percentile par nombre de réponses
Votre historique - résultats
Vous n’avez pas pris ce quiz